Fisiología aplicada / (Record no. 133888)

MARC details
000 -LEADER
campo de control de longitud fija 00620nam a2200181 i 4500
001 - NÚMERO DE CONTROL
campo de control 133888
003 - IDENTIFICADOR DE NÚMERO DE CONTROL
campo de control ES-MaACL
005 - FECHA Y HORA DE LA ÚLTIMA TRANSACCIÓN
campo de control 20230906194544.0
007 - CAMPO FIJO DE DESCRIPCIÓN FÍSICA--INFORMACIÓN GENERAL
campo de control de longitud fija t|
008 - DATOS DE LONGITUD FIJA--INFORMACIÓN GENERAL
campo de control de longitud fija 070903s1945 sp ||||1| spa d
100 1# - ENTRADA PRINCIPAL--NOMBRE DE PERSONA
Nombre de persona Wright, Samson.
9 (RLIN) 117422
245 10 - MENCIÓN DEL TÍTULO
Título Fisiología aplicada /
Mención de responsabilidad, etc. por Samson Wright ; traducción de la 7ª edición inglesa por José González-Campo de Cos.
260 ## - PUBLICACIÓN, DISTRIBUCIÓN, ETC.
Lugar de publicación, distribución, etc. Barcelona :
Nombre del editor, distribuidor, etc. Manuel Marín,
Fecha de publicación, distribución, etc. 1945 (
Fabricante Garrot)
300 ## - DESCRIPCIÓN FÍSICA
Extensión XXIII, 834 p. :
Otras características físicas il. ;
Dimensiones 23 cm.
650 #4 - PUNTO DE ACCESO ADICIONAL DE MATERIA--TÉRMINO DE MATERIA
Término de materia o nombre geográfico como elemento de entrada Fisiología humana.
9 (RLIN) 12890
700 1# - ENTRADA AGREGADA--NOMBRE PERSONAL
Nombre de persona González-Campo de Cos, José.
9 (RLIN) 58488
852 ## - LOCALIZACIÓN
Ubicación ES-MaACL
Número de control de estantería C-4216
Sublocalización o colección R.23944
Holdings
Estatus retirado Estado de pérdida Estado de daño No para préstamo Biblioteca de origen Biblioteca actual Ubicación en estantería Fecha de adquisición Fuente de adquisición Total de préstamos Signatura topográfica completa Código de barras Visto por última vez Precio de reemplazo Tipo de ítem Koha
        Biblioteca del Ateneo de Madrid Biblioteca del Ateneo de Madrid Sala Palomar 17/01/2008     C-4216 1139371 23/02/2023 23/02/2023 Libro impreso